Silicon compilation / (Record no. 183873)
[ view plain ]
| 000 -LEADER | |
|---|---|
| fixed length control field | 01246 a2200205 4500 |
| 003 - CONTROL NUMBER IDENTIFIER | |
| control field | Nust |
| 005 - DATE AND TIME OF LATEST TRANSACTION | |
| control field | 20230317100143.0 |
| 010 ## - LIBRARY OF CONGRESS CONTROL NUMBER | |
| LC control number | 87001365 |
| 020 ## - INTERNATIONAL STANDARD BOOK NUMBER | |
| International Standard Book Number | 0201099152 : |
| 040 ## - CATALOGING SOURCE | |
| Transcribing agency | Nust |
| 082 00 - DEWEY DECIMAL CLASSIFICATION NUMBER | |
| Classification number | 621.395,SIL |
| 245 00 - TITLE STATEMENT | |
| Title | Silicon compilation / |
| Statement of responsibility, etc. | edited by Daniel D. Gajski. |
| 260 ## - PUBLICATION, DISTRIBUTION, ETC. | |
| Place of publication, distribution, etc. | Reading, Mass. : |
| Name of publisher, distributor, etc. | Addison-Wesley Pub. Co., |
| Date of publication, distribution, etc. | c1988. |
| 300 ## - PHYSICAL DESCRIPTION | |
| Extent | x, 450 p. : |
| Other physical details | ill. ; |
| Dimensions | 25 cm. |
| 505 ## - FORMATTED CONTENTS NOTE | |
| Formatted contents note | Introduction to Silicon Compilation (Page-1), Design of Module Generators and Silicon Compilers (Page-49), Knowledge-Base System for IC Design (Page-95), An Intelligent Composition Tool for Regular and Semiregular VLSI Structures (Page-113), The VLSI Design Automation Assistant: an Architecture Compiler (Page-122), Algorithmic System Compilation: Silicon Compilation for System Designers (Page-153), The Yorkrown Silicon Compiler (Page-204), Cathedral 2: A Synthesis System for Multiprocessor DSP (Page-311), The Genesil Silicon Compiler (Page-361), Design Methodologies of the Concorde Silicon Compiler (Page-406). |
| 650 #0 - SUBJECT ADDED ENTRY--TOPICAL TERM | |
| Topical term or geographic name entry element | Integrated circuits |
| General subdivision | Very large scale integration |
| -- | Design and construction |
| -- | Data processing. |
| 9 (RLIN) | 100753 |
| 650 #0 - SUBJECT ADDED ENTRY--TOPICAL TERM | |
| Topical term or geographic name entry element | Silicon compilers. |
| 9 (RLIN) | 110498 |
| 700 1# - ADDED ENTRY--PERSONAL NAME | |
| Personal name | Gajski, Daniel D. |
| 9 (RLIN) | 81556 |
| 942 ## - ADDED ENTRY ELEMENTS (KOHA) | |
| Source of classification or shelving scheme | |
| Koha item type | Book |
| Withdrawn status | Lost status | Source of classification or shelving scheme | Damaged status | Not for loan | Permanent Location | Current Location | Shelving location | Date acquired | Full call number | Barcode | Date last seen | Price effective from | Koha item type | Public note |
|---|---|---|---|---|---|---|---|---|---|---|---|---|---|---|
| Military College of Signals (MCS) | Military College of Signals (MCS) | General Stacks | 12/12/2016 | 621.395,SIL | MCS600 | 12/08/2016 | 12/12/2016 | Book | Almirah No.74, Shelf No.5 |
